Metalurgia especial / (Record no. 79226)

MARC details
000 -LEADER
campo de control de longitud fija 00542nam a2200181 i 4500
001 - NÚMERO DE CONTROL
campo de control 79226
003 - IDENTIFICADOR DE NÚMERO DE CONTROL
campo de control ES-MaACL
005 - FECHA Y HORA DE LA ÚLTIMA TRANSACCIÓN
campo de control 20230906173930.0
007 - CAMPO FIJO DE DESCRIPCIÓN FÍSICA--INFORMACIÓN GENERAL
campo de control de longitud fija t|
008 - DATOS DE LONGITUD FIJA--INFORMACIÓN GENERAL
campo de control de longitud fija 041020m19691971sp ||||1| spa d
100 1# - ENTRADA PRINCIPAL--NOMBRE DE PERSONA
Nombre de persona Herenguel, Jean.
9 (RLIN) 62706
245 10 - MENCIÓN DEL TÍTULO
Título Metalurgia especial /
Mención de responsabilidad, etc. por Jean Herenguel ; traducido por Javier Mª Elustondo.
260 ## - PUBLICACIÓN, DISTRIBUCIÓN, ETC.
Lugar de publicación, distribución, etc. Bilbao :
Nombre del editor, distribuidor, etc. Urmo,
Fecha de publicación, distribución, etc. 1969-1971.
300 ## - DESCRIPCIÓN FÍSICA
Extensión v. :
Otras características físicas il. ;
Dimensiones 25 cm.
500 ## - NOTA GENERAL
Nota general Son los t. 1º y 2º.
700 1# - ENTRADA AGREGADA--NOMBRE PERSONAL
Nombre de persona Elustondo, Javier María.
9 (RLIN) 47121
852 ## - LOCALIZACIÓN
Ubicación ES-MaACL
Número de control de estantería P-1588
Sublocalización o colección R.72413
Holdings
Estatus retirado Estado de pérdida Estado de daño No para préstamo Biblioteca de origen Biblioteca actual Ubicación en estantería Fecha de adquisición Fuente de adquisición Total de préstamos Signatura topográfica completa Código de barras Visto por última vez Precio de reemplazo Tipo de ítem Koha
        Biblioteca del Ateneo de Madrid Biblioteca del Ateneo de Madrid Depósito 2 17/01/2008     P-1588 1082853 23/02/2023 23/02/2023 Libro impreso